000 00268nam a22001097a 4500
082 _a510
100 _aAditya Patel
_983086
245 _a अंकगणित +एडवांस
260 _aIndore
_bWinners Pub.
_c2025
650 _amath
_932113
942 _cC. BOOKS
999 _c68189
_d68189